Die 100 häufigsten deutschen Wörter - Statistiken

Allgemein
  • Dieses Quiz wurde 386 mal gespielt
  • Das Durchschnittsergebnis liegt bei 47 aus 100
Antwortstatistiken
Platz Wort % Korrekt
30. sie
92%
Sie
92%
er
91%
es
89%
Es
89%
ich
88%
das
87%
Das
87%
1. der
86%
35. Der
86%
die
85%
Die
85%
wir
85%
und
78%
Und
78%
40. wie
78%
5. den
70%
ein
70%
Ein
70%
sei
68%
war
68%
in
66%
In
66%
was
66%
20. eine
62%
habe
62%
45. so
62%
ist
60%
zu
60%
an
59%
auf
59%
um
59%
sein
56%
aber
55%
für
55%
15. im
53%
95. Im
53%
55. bis
52%
dem
52%
am
51%
mit
51%
65. kann
50%
von
50%
oder
49%
als
48%
dass
48%
haben
48%
nicht
46%
bei
45%
man
45%
des
44%
hat
44%
sind
44%
unter
44%
einer
43%
können
43%
zum
43%
aus
42%
vor
42%
über
40%
70. wenn
40%
75. dann
39%
einen
38%
nach
38%
80. eines
37%
auch
36%
zur
36%
85. diese
34%
noch
34%
25. werden
34%
keine
33%
soll
33%
hatte
31%
ihre
31%
50. nur
31%
vom
31%
einem
30%
will
27%
mehr
26%
seine
25%
wird
25%
zwei
25%
immer
23%
10. sich
23%
60. wurde
23%
dieser
22%
durch
22%
Jahr
22%
schon
22%
gegen
17%
90. seiner
15%
wieder
14%
Uhr
11%
zwischen
9%
Jahren
6%
100. sagte
6%
Millionen
5%
Mark
4%
Prozent
4%
worden
4%
Keine übereinstimmenden Quizze gefunden
Verteilung der Resultate
Anzahl Personen mit jedem Resultat
Perzentil nach korrekt beantworteten Fragen
Ihre Resultats-Entwicklung
Sie haben dieses Quiz noch nicht gespielt